000 00483nam a2200181Ia 4500
001 20630
005 20260306172820.0
008 260306t2018||||xx |||||||||||||| ||spa||
041 _aESP
082 _a343.6
_bC27
100 _aCapcha Reymundo, Olivia Blanca
_eAUT
245 0 _aLas contrataciones y adquisiciones del estado en la jurisprudencia del OSCE
260 _c2018
300 _a398 páginas :
_c25 cm.
650 _aGEN
654 _aCDE
942 _cLIB
_dJUS
_fJUS
_2ddc
_n
999 _c20630
_d20630